Informe : de la Comisión encargada de la redacción de los programas oficiales de enseñanza religiosa para los centros docentes del Estado de la Comisión encargada de la redacción de los programas oficiales de enseñanza religiosa para los centros docentes del Estado

Publicat: Barcelona : 1939
Descripció física: 13 p. ; 23 cm

MARC

LEADER 00000nam a2200000Ia 4500
001 17459
008 160829s1939 xx 000 0 cat d
080 |a RF-15-20 
245 |a Informe :  |b  de la Comisión encargada de la redacción de los programas oficiales de enseñanza religiosa para los centros docentes del Estado 
260 |a Barcelona,  |c 1939 
300 |a 13 p. ;  |c 23 cm 
590 |a Prové de S-443 
650 |a Educació religiosa  |x Catalunya  |x S. XX  |9 47034 
856 4 |u https://media.diba.cat/diba/fitxers/arxiu/fulletons/bib_17459_1939_baixa.pdf  |y Accés lliure 
856 4 |u https://media.diba.cat/diba/fitxers/arxiu/fulletons/bib_17459_1939_baixa.pdf  |y Accés lliure 
901 |a Arxiu 
942 |n 1  |2 udc 
952 |0 0  |1 0  |4 0  |6 RF1520  |7 1  |9 53615  |a Arxiu  |b Arxiu  |d 2016-12-01  |l 0  |o RF-15-20  |p 17459  |r 2016-12-01 00:00:00  |w 2016-12-01  |y ARXIU 
999 |c 57481  |d 57481 
900 |a bib_17459_1939_baixa.pdf